000 00339nam a2200121Ia 4500
008 240731s9999 xx 000 0 und d
022 _a1747-7611
245 0 _aInternational Research in Geographical and Environmental Education
260 _bRoutledge
856 _uhttps://www.tandfonline.com/loi/rgee20
942 _2ddc
942 _cTFEJ
999 _c77305
_d77305
945 _a1
_bMadushi Gamage
_c1
_dMadushi Gamage